[Event "Aragon-chT"]
[Site "Aragon"]
[Date "2009.03.14"]
[Round "7"]
[White "Osorio Marin, Luis Alejandro"]
[Black "Cuello Borau, Jorge"]
[Result "0-1"]
[WhiteElo "1977"]
[BlackElo "1863"]
[PlyCount "102"]
[EventDate "2009.01.24"]
[EventType "team-swiss"]
[EventRounds "9"]
[EventCountry "ESP"]
[SourceTitle "EXT 2011"]
[Source "ChessBase"]
[SourceDate "2010.11.26"]
[SourceVersion "1"]
[SourceVersionDate "2010.11.26"]
[SourceQuality "1"]

1. d4 d5 2. Nf3 e6 3. c4 dxc4 4. Nc3 Nf6 5. Bf4 c5 6. dxc5 Nd5 7. Nxd5 Qxd5 8. g3 Qxc5 9. Bg2 Be7 10. 0-0 0-0 11. Rc1 Qa5 12. Ne5 Bf6 13. Nxc4 Qxa2 14. Qc2 Qa6 15. Ra1 Qb5 16. Ra5 Qe8 17. Bxb8 Rxb8 18. Rxa7 Bd4 19. Ra3 Qe7 20. e3 Bc5 21. Raa1 e5 22. Qc3 f6 23. Nd2 Bb4 24. Qc2 Be6 25. Nf3 Rfc8 26. Qa4 b5 27. Qd1 Bc4 28. b3 Bxf1 29. Bxf1 Bc3 30. Ra6 Qb7 31. Rd6 Ra8 32. Qd5+ Qxd5 33. Rxd5 b4 34. Kg2 Rab8 35. Ba6 Rd8 36. Rxd8+ Rxd8 37. Bc4+ Kf8 38. e4 Ke7 39. Kf1 Ra8 40. Ke2 Ra2+ 41. Kf1 Bd4 42. Nxd4 exd4 43. Ke1 g5 44. Bd3 Rb2 45. Bc4 Kd6 46. Bg8 h6 47. Bf7 Ke5 48. Bd5 f5 49. h4 fxe4 50. Bc4 gxh4 51. gxh4 Kf4 0-1

[Event "Aragon-chT"]
[Site "Aragon"]
[Date "2009.01.31"]
[Round "2"]
[White "Cuello Borau, Jorge"]
[Black "Valiente Gimenez, Jose Luis"]
[Result "0-1"]
[WhiteElo "1863"]
[BlackElo "2117"]
[PlyCount "46"]
[EventDate "2009.01.24"]
[EventType "team-swiss"]
[EventRounds "9"]
[EventCountry "ESP"]
[SourceTitle "EXT 2011"]
[Source "ChessBase"]
[SourceDate "2010.11.26"]
[SourceVersion "1"]
[SourceVersionDate "2010.11.26"]
[SourceQuality "1"]

1. d4 Nf6 2. c4 e6 3. Nc3 Bb4 4. Qc2 0-0 5. a3 Bxc3+ 6. Qxc3 b6 7. f3 d5 8. cxd5 exd5 9. Bf4 c6 10. Bxb8 Rxb8 11. Qxc6 Bd7 12. Qc2 Re8 13. Kf2 Rc8 14. Qd3 Qe7 15. g3 a6 16. e3 Ba4 17. Ne2 Bc2 18. Qd2 Be4 19. Nc3 Bxf3 20. Kxf3 Rxc3 21. Qxc3 Qe4+ 22. Kf2 Qxh1 23. Qc6 Ng4+ 0-1

[Event "Aragon-chT"]
[Site "Aragon"]
[Date "2008.03.08"]
[Round "6"]
[White "Cuello Borau, Jorge"]
[Black "Minguez Guinda, Andres"]
[Result "1-0"]
[WhiteElo "1839"]
[BlackElo "1952"]
[PlyCount "63"]
[EventDate "2008.02.02"]
[EventType "team-swiss"]
[EventRounds "12"]
[EventCountry "ESP"]
[SourceTitle "EXT 2011"]
[Source "ChessBase"]
[SourceDate "2010.11.26"]
[SourceVersion "1"]
[SourceVersionDate "2010.11.26"]
[SourceQuality "1"]

1. d4 d5 2. c4 e6 3. Nc3 Nf6 4. Bg5 Nbd7 5. cxd5 exd5 6. Qc2 c6 7. e3 Be7 8. Bd3 h6 9. Bf4 0-0 10. h3 b6 11. g4 c5 12. Nf3 cxd4 13. Nxd4 Bb7 14. g5 hxg5 15. Bxg5 Nc5 16. Bf5 Nfe4 17. Nxe4 Nxe4 18. h4 g6 19. Bxe4 dxe4 20. Rg1 Bb4+ 21. Kd1 Qd5 22. h5 f6 23. hxg6 Rac8 24. Qe2 fxg5 25. Qh5 Qd7 26. Rc1 Rxf2 27. Rxc8+ Bxc8 28. g7 Rd2+ 29. Kc1 Qc7+ 30. Kb1 Rh2 31. Qe8+ Kxg7 32. Rxg5+ 1-0

[Event "Aragon-chT"]
[Site "Aragon"]
[Date "2008.02.16"]
[Round "3"]
[White "Bayod Rubia, Angel"]
[Black "Cuello Borau, Jorge"]
[Result "1-0"]
[WhiteElo "2042"]
[BlackElo "1839"]
[PlyCount "71"]
[EventDate "2008.02.02"]
[EventType "team-swiss"]
[EventRounds "12"]
[EventCountry "ESP"]
[SourceTitle "EXT 2011"]
[Source "ChessBase"]
[SourceDate "2010.11.26"]
[SourceVersion "1"]
[SourceVersionDate "2010.11.26"]
[SourceQuality "1"]

1. e4 e5 2. Nf3 Nc6 3. d4 exd4 4. Nxd4 Nf6 5. Nxc6 bxc6 6. Bd3 Bc5 7. 0-0 0-0 8. e5 Nd5 9. a3 a5 10. c4 Nb6 11. Nc3 Qe7 12. Bf4 f6 13. exf6 Qxf6 14. Qh5 g6 15. Qxc5 Qxf4 16. Ne4 Bb7 17. Qg5 Qxg5 18. Nxg5 c5 19. Rfe1 Rae8 20. Ne4 d6 21. Nf6+ Kf7 22. Nxe8 Rxe8 23. Rxe8 Kxe8 24. Re1+ Kf7 25. Be4 Bxe4 26. Rxe4 h5 27. h3 Nd7 28. Re3 Ne5 29. Rc3 Kf6 30. f4 Nd7 31. g4 c6 32. Rd3 Ke6 33. Re3+ Kf6 34. Kf2 d5 35. cxd5 cxd5 36. Re8 1-0